| 000 | 00891nam a2200205Ii 4500 | ||
|---|---|---|---|
| 003 | JO-AjNU | ||
| 008 | 230605s9999||||xx |||||||||||||| ||und|| | ||
| 040 |
_aJO-AjNU _bara _erda _cJO-AjNU |
||
| 041 | _aara | ||
| 050 | 1 | 4 | _aKRM4610.1982 |
| 100 | 3 |
_aقورة، عادل محمد فريد, _eauthor _915260 |
|
| 245 | 0 | 0 | _a الوجيز في شرح قانون الإجراءات الجنائية : الدعوى الجنائية والدعوى المدنية التابعة لها |
| 250 | _aط1 | ||
| 264 | 3 | 1 | _aالقاهرة : دار الفكر العربى، 1982 |
| 300 | _a319ص | ||
| 336 |
_atext _btxt _2rdacontent |
||
| 337 |
_aunmediated _bn _2rdamedia |
||
| 338 |
_avolume _bnc _2rdacarrier |
||
| 650 | 4 |
_aقانون الإجراءات الجنائية -- مصرالدعوى الجنائية -- قوانين وتشريعات -- مصر-- الدعوى المدنية -- مصر _915261 |
|
| 999 |
_aA4267 _c7835 _d7835 |
||